000 00383nam a2200157 i 4500
001 bg
100 1 _aANISIMOV, N. V.
245 0 _aAnalogovye wyčislitel'nyje mašiny /
_cN.V. Anisimov, N.W. Golubkin.
260 _aMoskwa,
_c1971.
700 1 _aGOLUBKIN, V. N.
040 _cBPK
041 _apol
080 _a681.33
942 _cKS
008 s pl f |000 0 pol
999 _c9208
_d9208